00330nam a2200133Ia 4500001000400000008004100004020001800045082002000063100001900083245003000102260002100132901002800153999001500181658241024s9999 xx 000 0 und d a99934-61-83-0 aRD/863.44/P573h aPhipps, Miguel 0aLas Hogueras del Infierno bed. Búhoc2004 a24/11/2010 1:59:15 p.m. c7794d7794